Honorárový poriadok Slovenskej komory architektov pre pozemné stavby, exteriéry a interiéry zoznam členov architektov registrovaných v Slovenskej komore architektov

Saved in:
Bibliographic Details
Format: Book
Language:Slovak
Published: Bratislava Omega 1993
Edition:1. vyd.
Subjects:
Tags: Add Tag
No Tags, Be the first to tag this record!

MARC

LEADER 00000nam a2200000 4500
001 c002683
005 20221214082155.7
020 |a 80-85311-14-3 
041 0 |a slo 
044 |a SK 
245 1 0 |a Honorárový poriadok Slovenskej komory architektov pre pozemné stavby, exteriéry a interiéry  |b zoznam členov architektov registrovaných v Slovenskej komore architektov 
250 |a 1. vyd. 
264 1 |a Bratislava  |b Omega  |c 1993 
300 |a 54 s. 
610 2 0 |a Slovenská komora architektov 
610 2 0 |a honoráre 
610 2 0 |a právo autorské 
610 2 0 |a architektúra 
610 2 0 |a staviteľstvo pozemné 
610 2 0 |a Slovensko